Obscure Math - Statistics

General Stats
  • This quiz has been taken 13 times
  • The average score is 7 of 15
Answer Stats
Hint Answer % Correct
What prime number is also even? Two
83%
Some might say that the square root of negative one is... Imaginary
75%
The symbol Σ is used for what operation? Summation
75%
Penta is to 5 as ___ is to one. Un
67%
What number is commonly represented with an "e"? Euler's Number
58%
Covering a plane with a set of polygons without gaps or overlaps is called _________? Tessellation
58%
The joke that "A coffee mug is equivalent to a doughnut" is from which branch of mathematics? Topology
50%
012345... as opposed to I, II, III, IV... Arabic Numerals
33%
Positive whole numbers fall into what set? Natural Numbers
33%
A polyhedron where all faces are made of a single type of regular polygon Platonic Solid
33%
Approaching a value without touching is also known as? Asymptote
25%
A list of numbers that is closely related to the Golden Ratio. Fibonacci Sequence
25%
Creating a polygon using a compass and ruler... Construction
17%
Complete the sequence: Addition, Multiplication, Exponentiation, __________. Tetration
17%
Another name for horizontal translation. Phase Shift
0%
No matching quizzes found
Score Distribution
Percent of People with Each Score
Percentile by Number Answered
Your Score History
You have not taken this quiz